Countries Closest to Sicily - One Minute Sprint - Statistics

General Stats
  • This quiz has been taken 71 times
  • The average score is 13 of 20
Answer Stats
km country miles % Correct
463 France 288
89%
81 Malta 50
89%
214 Algeria 133
86%
71 Tunisia 44
86%
738 Spain 458
84%
366 Greece 228
82%
445 Libya 276
80%
394 Albania 245
77%
415 Vatican City 258
75%
634 San Marino 394
73%
504 Croatia 313
71%
760 Monaco 472
68%
530 Bosnia and Herzegovina 329
63%
506 Montenegro 314
63%
792 Slovenia 492
61%
642 Serbia 399
55%
527 North Macedonia 327
46%
581 Kosovo 361
43%
710 Bulgaria 441
21%
852 Hungary 529
13%
No matching quizzes found
Score Distribution
Percent of People with Each Score
Percentile by Number Answered
Your Score History
You have not taken this quiz